Paesi più vicini alla Sicilia - Statistics

Statistiche generali
  • Questo quiz è stato fatto 68 volte
  • Il punteggio medio è 17 su 20
Statistiche sulle risposte
km paese % Corretto
463 Francia
97%
366 Grecia
97%
81 Malta
95%
71 Tunisia
95%
214 Algeria
92%
394 Albania
90%
738 Spagna
89%
530 Bosnia ed Erzegovina
87%
504 Croazia
87%
415 Città del Vaticano
85%
445 Libia
85%
634 San Marino
84%
506 Montenegro
79%
527 Macedonia del Nord
77%
760 Monaco
77%
792 Slovenia
77%
581 Kosovo
75%
642 Serbia
75%
710 Bulgaria
64%
852 Ungheria
48%
Nessun quiz corrispondente trovato
Distribuzione punteggi
Percentuale di utenti per punteggio
Percentile per numero di risposta
I tuoi punteggi nel tempo
Non hai fatto questo quiz